Catalunya en la guerra civil espanyola / Carles Pi i Sunyer
Descripción Física:
122 p. ; 20 cm
Colección:
Biblioteca Carles Pi i Sunyer
MARC
| LEADER | 00000nam a2200000Ia 4500 | ||
|---|---|---|---|
| 001 | 10179 | ||
| 008 | 160829s1993 xx 000 0 cat d | ||
| 080 | |a H-1-178 | ||
| 100 | 1 | |a Pi i Sunyer, Carles, |d 1888-1971 |9 55456 | |
| 245 | |a Catalunya en la guerra civil espanyola / Carles Pi i Sunyer | ||
| 260 | |a Barcelona : |b Fundació Carles Pi i Sunyer d'Estudis Autonòmics i Locals, |c 1993 | ||
| 300 | |a 122 p. ; |c 20 cm | ||
| 490 | |a Biblioteca Carles Pi i Sunyer | ||
| 651 | 0 | |a Catalunya |x Història |y 1936-1939, Guerra Civil |9 54678 | |
| 651 | 0 | |a Espanya |x Història |y 1936-1939, Guerra Civil |9 55759 | |
| 710 | 1 | |a Fundació Carles Pi i Sunyer d'Estudis Autonòmics i Locals |9 52753 | |
| 901 | |a Arxiu | ||
| 942 | |n 1 | ||
| 952 | |0 0 |1 0 |4 0 |6 H1178 |7 1 |9 45955 |a Arxiu |b Arxiu |d 2016-12-01 |l 0 |o H-1-178 |p 10179 |r 2016-12-01 00:00:00 |w 2016-12-01 |y ARXIU | ||
| 999 | |c 49456 |d 49456 | ||